[Event "Konnerud CC-ch"]
[Site "Konnerud"]
[Date "2019.05.08"]
[Round "9"]
[White "Odde, Kent"]
[Black "Aure, Anders Nilsson"]
[Result "1/2-1/2"]
[WhiteElo "1516"]
[BlackElo "1774"]
[PlyCount "59"]
[EventDate "2019.01.16"]
[EventType "swiss"]
[EventRounds "9"]
[EventCountry "NOR"]
[SourceTitle "EXT 2024"]
[Source "ChessBase"]
[SourceDate "2023.10.10"]
[SourceVersion "1"]
[SourceVersionDate "2023.10.10"]
[SourceQuality "1"]

1. c4 e5 2. Nc3 Nf6 3. g3 d5 4. cxd5 Nxd5 5. Bg2 Nb6 6. e3 Nc6 7. Nge2 Be7 8. 0-0 Bf5 9. d4 exd4 10. Nxd4 Nxd4 11. exd4 c6 12. d5 cxd5 13. Nxd5 Nxd5 14. Bxd5 0-0 15. Bxb7 Qxd1 16. Rxd1 Rab8 17. Bg2 Bf6 18. Rd5 Be6 19. Ra5 Rfd8 20. Be3 Rxb2 21. Rc1 Rxa2 22. Rxa7 Rxa7 23. Bxa7 Bd4 24. Bxd4 Rxd4 25. Ra1 g6 26. Bf3 Bd5 27. Bxd5 Rxd5 28. Ra2 Kg7 29. Kg2 h5 30. h4 1/2-1/2

[Event "Konnerud CC-ch"]
[Site "Konnerud"]
[Date "2019.02.06"]
[Round "3"]
[White "Odde, Kent"]
[Black "Auke, Morthen"]
[Result "1-0"]
[WhiteElo "1516"]
[BlackElo "1270"]
[PlyCount "43"]
[EventDate "2019.01.16"]
[EventType "swiss"]
[EventRounds "9"]
[EventCountry "NOR"]
[SourceTitle "EXT 2024"]
[Source "ChessBase"]
[SourceDate "2023.10.10"]
[SourceVersion "1"]
[SourceVersionDate "2023.10.10"]
[SourceQuality "1"]

1. c4 d6 2. Nc3 Nf6 3. d4 g6 4. Nf3 Bg7 5. e3 0-0 6. Be2 b6 7. 0-0 Bb7 8. b3 Nbd7 9. Bb2 Re8 10. Qc2 c5 11. d5 e6 12. e4 exd5 13. exd5 Ne5 14. Rfe1 Re7 15. Nxe5 Rxe5 16. Bf3 Nd7 17. Ne4 Re8 18. Bxg7 Kxg7 19. Nxd6 Rxe1+ 20. Rxe1 Bc8 21. Qc3+ Kh6 22. Nxf7# 1-0

[Event "Konnerud Autumn"]
[Site "Konnerud"]
[Date "2017.09.06"]
[Round "1"]
[White "Olaisen, Jan Magnus"]
[Black "Odde, Kent"]
[Result "1/2-1/2"]
[WhiteElo "1785"]
[BlackElo "1503"]
[PlyCount "88"]
[EventDate "2017.09.20"]
[EventType "swiss"]
[EventRounds "9"]
[EventCountry "NOR"]
[SourceTitle "EXT 2024"]
[Source "ChessBase"]
[SourceDate "2023.10.10"]
[SourceVersion "1"]
[SourceVersionDate "2023.10.10"]
[SourceQuality "1"]

1. e4 c5 2. Nf3 Nc6 3. d4 cxd4 4. Nxd4 g6 5. Nc3 Bg7 6. Be3 Nf6 7. f3 d5 8. Bb5 Qd6 9. Qd2 dxe4 10. fxe4 Bd7 11. 0-0-0 a6 12. Bxc6 Bxc6 13. e5 Qxe5 14. Nxc6 bxc6 15. Bf4 Qa5 16. Rhe1 Nd5 17. Nxd5 Qxd2+ 18. Rxd2 cxd5 19. Rxd5 e6 20. Re4 a5 21. Bd2 a4 22. Bb4 Bf8 23. Ra5 Rxa5 24. Bxa5 a3 25. b4 Bd6 26. g3 Kd7 27. c4 Rc8 28. Kd2 f5 29. Rh4 h5 30. c5 Be5 31. Kd3 Kc6 32. Kc4 Rb8 33. Bb6 Rc8 34. b5+ Kb7 35. Kd3 Bc7 36. Bxc7 Kxc7 37. Rd4 e5 38. Ra4 Rd8+ 39. Ke3 Rd5 40. Rc4 Rd1 41. Rc3 Rb1 42. b6+ Kc6 43. Kd2 Rb2+ 44. Rc2 e4 1/2-1/2

[Event "Konnerud CC-ch"]
[Site "Konnerud"]
[Date "2017.01.18"]
[Round "2"]
[White "Aure, Havard"]
[Black "Odde, Kent"]
[Result "1/2-1/2"]
[WhiteElo "1424"]
[BlackElo "1448"]
[PlyCount "69"]
[EventDate "2017.01.11"]
[EventType "swiss"]
[EventRounds "9"]
[EventCountry "NOR"]
[SourceTitle "EXT 2024"]
[Source "ChessBase"]
[SourceDate "2023.10.10"]
[SourceVersion "1"]
[SourceVersionDate "2023.10.10"]
[SourceQuality "1"]

1. c4 e5 2. Nc3 Nc6 3. g3 Nf6 4. Bg2 Bc5 5. Nf3 d6 6. 0-0 0-0 7. e3 Be6 8. d4 exd4 9. exd4 Bxc4 10. dxc5 Bxf1 11. Kxf1 dxc5 12. Qxd8 Raxd8 13. Bf4 Nd5 14. Nxd5 Rxd5 15. Bxc7 Re8 16. Bf4 Nb4 17. a3 Nd3 18. Rd1 Red8 19. Ne1 Nxf4 20. Bxd5 Nxd5 21. Rc1 b6 22. Nf3 f6 23. Re1 Kf7 24. h4 g6 25. Kg2 h6 26. g4 Nf4+ 27. Kg3 Nd3 28. Rd1 c4 29. Ne1 Ke7 30. Nxd3 Rxd3+ 31. Rxd3 cxd3 32. Kf3 Ke6 33. Ke3 Ke5 34. f4+ Ke6 35. Kxd3 1/2-1/2